KOHA-Header-6

A Text Book of Community Pharmacy (Record no. 12888)

000 -LEADER
fixed length control field 00265nam a22001097a 4500
020 ## - INTERNATIONAL STANDARD BOOK NUMBER
ISBN 9788122433661
082 ## - DEWEY DECIMAL CLASSIFICATION NUMBER
Classification number 540
100 ## - MAIN ENTRY--AUTHOR NAME
Personal name Rakesh Saini
245 ## - TITLE STATEMENT
Title A Text Book of Community Pharmacy
260 ## - PUBLICATION, DISTRIBUTION, ETC. (IMPRINT)
Place of publication India
Name of publisher New Age International Publishers
Year of publication 2012
942 ## - ADDED ENTRY ELEMENTS (KOHA)
Koha item type Books
Holdings
Withdrawn status Lost status Collection code Permanent Location Current Location Shelving location Date acquired Full call number Accession Number Koha item type
    Bio Sciences MAJU MAJU Shelf No.A36 2020-12-26 540 10012 Bio Science

Powered by Koha